| 000 | 01313nam a2200325 a 4500 | ||
|---|---|---|---|
| 001 | ebr10480066 | ||
| 003 | CaPaEBR | ||
| 006 | m u | ||
| 007 | cr cn||||||||| | ||
| 008 | 110420s2011 enka sb 001 0 eng d | ||
| 010 | _z 2011288663 | ||
| 020 | _z1848166222 | ||
| 020 | _z9781848166226 | ||
| 020 | _z9781848166240 (e-book) | ||
| 040 |
_aCaPaEBR _cCaPaEBR |
||
| 035 | _a(OCoLC)738434204 | ||
| 050 | 1 | 4 |
_aQC794.6.S85 _bS92 2011eb |
| 100 | 1 |
_aSzabo, Richard J., _d1966- |
|
| 245 | 1 | 3 |
_aAn introduction to string theory and D-brane dynamics _h[electronic resource] : _bwith problems and solutions / _cRichard J. Szabo. |
| 250 | _a2nd ed. | ||
| 260 |
_aLondon : _bImperial College Press ; _aHackensack, N.J. : _bDistributed by World Scientific Pub. Co. Pte. Ltd., _cc2011. |
||
| 300 |
_axv, 148 p. : _bill. |
||
| 504 | _aIncludes bibliographical references and index. | ||
| 533 |
_aElectronic reproduction. _bPalo Alto, Calif. : _cebrary, _d2013. _nAvailable via World Wide Web. _nAccess may be limited to ebrary affiliated libraries. |
||
| 650 | 0 | _aString models. | |
| 650 | 0 | _aDynamics. | |
| 655 | 7 |
_aElectronic books. _2local |
|
| 710 | 2 | _aebrary, Inc. | |
| 856 | 4 | 0 |
_uhttp://site.ebrary.com/lib/rucke/Doc?id=10480066 _zAn electronic book accessible through the World Wide Web; click to view |
| 999 |
_c118140 _d118140 |
||